| 000 | 00370 a2200133 4500 | ||
|---|---|---|---|
| 001 | 91982 | ||
| 082 | _aPR 1768 | ||
| 090 |
_c43936 _d43935 |
||
| 100 | _aNasir; Prof Muhammad Sarfraz Khan, Advisor | ||
| 245 |
_aControl of Metallic Sphere using Megnetic Leviation System _n66 "B" EC |
||
| 260 |
_aRawalpindi _bNUST _c2009 |
||
| 300 | _a52p | ||
| 500 | _aBE Project Reports | ||
| 942 |
_aCAE NUST _kPR 1768 |
||
| 999 |
_c327055 _d327055 |
||